000 00795nam a2200337Ia 4500
005 20250425162716.0
008 250425s9999 xx 000 0 und d
020 _a9786071512819
041 _aspa
043 _aidu
082 _a621.4021
100 _aCENGEL, YUNUS A
245 0 _aTERMODINAMICA
250 _a8 A ED.
260 _aMEXICO
260 _aMéxico
_bMCGRAW-HILL EDUCATION
_c2015
300 _a997
500 _aENTREGADO POR ESPOL TECHE.P.
650 _aENERGIA
650 _aENERGIA
650 _aENERGIA
650 _aMEZCLA DE GASES
650 _aMEZCLA DE GASES
650 _aMEZCLA DE GASES
650 _aTERMODINAMICA
650 _aTERMODINAMICA
650 _aTERMODINAMICA
700 _aBOLES, MICHAEL A.
942 _c01
010 _a100802
999 _c234860
_d234860